000 00664nam a2200217Ii 4500
003 JO-AjNU
008 230606s9999||||xx |||||||||||||| ||und||
020 _a0-19-457247-1
040 _aJO-AjNU
_beng
_erda
_cJO-AjNU
041 _aeng
050 1 4 _aPE1128 2003
100 3 _aتأليف Comfort ,Jeremy,
_eauthor
_93494
245 0 0 _aOxford Business English Skills :Effective
250 _a4 ed
264 3 1 _aNew York:Oxford University Press, 2003
300 _a95p
336 _atext
_btxt
_2rdacontent
337 _aunmediated
_bn
_2rdamedia
338 _avolume
_bnc
_2rdacarrier
650 4 _aOxford Business English Skills :Effective-English Skills
_93495
999 _aE1823
_c1823
_d1823